000 00521nam a2200181 i 4500
001 101002
003 ES-MaACL
005 20250828063249.0
007 t|
008 051010s1902 fr ||||1| fre d
100 1 _aMauclair, Camille,
_d1872-1945
_979178
245 1 3 _aLes mères sociales
_b: roman contemporain /
_cCamille Mauclair.
250 _a3ª ed.
260 _aParis :
_b[s.n.],
_c1902 (
_fA. Pichat)
300 _aVIII, 320 p. ;
_c19 cm.
852 _aES-MaACL
_jF-11028
999 _c101002
_d101002